| 000 | 01878cam a2200349 a 4500 | ||
|---|---|---|---|
| 001 | 16445619 | ||
| 005 | 20170105102912.0 | ||
| 008 | 100903s2010 ilu b 001 0 eng | ||
| 010 | _a 2010037166 | ||
| 020 | _a9781608460977 (alk. paper) | ||
| 020 | _a1608460975 (alk. paper) | ||
| 035 | _a(OCoLC)ocn601128286 | ||
| 040 |
_aDLC _cDLC _dBTCTA _dZPX _dC#P _dCDX _dQBX _dVP@ _dYDXCP _dBWX _dYU6 _dDLC |
||
| 042 | _apcc | ||
| 043 |
_aa-is--- _aawgz--- _ama----- |
||
| 050 | 0 | 0 |
_aDS119.76 _b.P368 2010 |
| 082 | 0 | 0 |
_a956.9405/4 _222 |
| 100 | 1 | _aPappé, Ilan. | |
| 245 | 1 | 0 |
_aGaza in crisis : _breflections on Israel's war against the Palestinians / _cIlan Pappé and Noam Chomsky ; edited by Frank Barat. |
| 260 |
_aChicago, Ill. : _bHaymarket Books : _bTrade distribution in the U.S., Consortium Book Sales, _c2010. |
||
| 300 |
_a242 p. ; _c20 cm. |
||
| 504 | _aIncludes bibliographical references and index. | ||
| 505 | 0 | _aIntroduction / Frank Barat -- The fate of Palestine: an interview with Noam Chomsky -- Clusters of history: U.S. involvement in the Palestine question / Ilan Pappe -- State of denial: Nakbah in Israeli history and today / Ilan Pappe -- "Exterminate all the brutes": Gaza 2009 / Noam Chomsky -- Blueprint for a one-state movement: a troubled history / Ilan Pappe -- The ghettoization of Palestine: a dialogue with Ilan Pappe and Noam Chomsky -- The killing fields of Gaza 2004-2009 / Ilan Pappe -- A Middle East peace that could happen (but won't) / Noam Chomsky. | |
| 650 | 0 |
_aArab-Israeli conflict _y1993- |
|
| 651 | 0 |
_aIsrael _xPolitics and government _y1993- |
|
| 651 | 0 |
_aGaza Strip _xPolitics and government _y21st century. |
|
| 700 | 1 | _aChomsky, Noam. | |
| 700 | 1 | _aBarat, Frank. | |
| 906 |
_a7 _bcbc _corignew _d1 _eecip _f20 _gy-gencatlg |
||
| 942 |
_2ddc _cBK |
||
| 999 |
_c15189 _d15189 |
||